000 01864nam a2200421 i 4500
001 DIGUNAD0070
003 NyNyDIG
007 cr |||||||||||
008 240209s2021 ck ao ob 000 0 spa d
006 m o d
035 _a(OCoLC)1422054775
040 _aDGITA
_beng
_erda
_epn
_cDGITA
020 _a9789586517959
_qeBook
020 _z9789586517935
043 _as-ck---
050 1 4 _aRJ216 ebook
100 1 _aRamírez Rivera, Axel Lombardo,
_eauthor.
245 1 0 _aProtocolo de validación de la higienización en bancos de leche humana /
_cautores, Axel Lombardo Ramírez Rivera [and 5 others].
264 1 _aBogotá, D.C. :
_bSello Editorial UNAD,
_c[2021]
300 _a1 online resource :
_billustrations, photographs.
336 _atext
_btxt
_2rdacontent
337 _acomputer
_bc
_2rdamedia
338 _aonline resource
_bcr
_2rdacarrier
347 _atext file
_2rdaft
347 _bPDF
500 _a"Grupo de Investigación en Etno-farmacología, Productos Naturales y Alimentos (GIEPRONAL)".
500 _a"Escuela de Ciencias Básicas Tecnología e Ingeniería ECBTI".
504 _aIncludes bibliographical references.
588 0 _aOnline resource; title from PDF title page (Digitalia, viewed February 9, 2024)
650 0 _aBreast milk
_xCollection and preservation
_zColombia.
650 0 _aBreast milk
_xContamination
_zColombia.
791 2 _aDigitalia (Firm),
_edistributor.
793 0 _gDigitalia eBook Collection:
_aUniversidad Nacional Abierta y a Distancia - UNAD
776 0 8 _iPrint version:
_aRamírez Rivera, Axel Lombardo.
_tProtocolo de validación de la higienización en bancos de leche humana.
_dBogotá, D.C. : Sello Editorial UNAD, [2021]
_z9789586517935
856 4 0 _3Digitalia Hispánica
_uhttps://www.digitaliapublishing.com/a/133674/
910 _aPremium collection: 2024
942 _cRAA
999 _c282690
_d282690